00765nam a22001577a 4500008004100000040001800041041000800059245023700067260005200304300001800356500003700374651002200411651004300433700006300476710006800539130821s1912 ck gr spa  aCo-BoUCMbspa00aspa00aDerrotero trabajo oficioso que como particular hizo el ex-Presidente de la Comisión Investigadora, para presentarlo a los Honorables Representantes elegidos por la Cámara para el estudio de este ProcesocJuan B. Pérez y Soto. aBogotá (Colombia)bImprenta Eléctricac1912 a152 páginas aDated: 20 de Septiembre de 1911. 7aCanal de Panamá 7aPanamáxHistoriayRevolución, 19031 aPérez y Soto, Juan B.q(Juan Bautista)d1854-1926ecomp.2 aColombia.bComisión Investigadora de los Asuntos de Panamá.